| 000 | 00457nam a2200193Ia 4500 | ||
|---|---|---|---|
| 003 | OSt | ||
| 005 | 20250819111712.0 | ||
| 008 | 250729s2005 xx 000 0 und d | ||
| 020 | _a978-8176488495 | ||
| 040 | _cAL | ||
| 041 | _aeng | ||
| 082 | _a150 MHOD | ||
| 100 |
_aHazary n _9221458 |
||
| 245 | _aDevelopment administration | ||
| 260 |
_aNew Delhi _bA P H Publishing _c2005 |
||
| 300 | _a389p | ||
| 650 |
_aPsychology _9221459 |
||
| 942 |
_2ddc _cBED |
||
| 999 |
_c235021 _d235021 |
||